000 00464nam a2200157 4500
001 148448
003 ES-MaACL
005 20250911063555.0
007 t|
008 070214s1911 fr r ||||1| fre d
100 1 _aStein, Lüdwig,
_d1859-1930
_9132893
245 1 4 _aLes conceptions mécaniques & organiques de l'etat /
_cLudwig Stein.
260 _aParis :
_bV. Giard & E. Brière,
_c1911.
852 _aES-MaACL
_jT-747-F-12
999 _c148448
_d148448